Математика 3.2: электронный курс
| Autor principal: | |
|---|---|
| Autor corporatiu: | |
| Sumari: | Заглавие с экрана В курсе «Математика 3.2» раскрываются основные понятия теории вероятностей и элементы математической статистики. Особое внимание уделяется основным положениям и методам современной математической теории вероятностей, приложениям теории - в физике, экологии, экономике и статистике. Знания, полученные в курсе, помогут приобрести навыки в интерпретации теоретико-вероятностных конструкций внутри математики и за ее пределами в приложениях, решении проблемных теоретико-вероятностных задач Доступ по логину и паролю |
| Idioma: | rus |
| Publicat: |
Томск, TPU Moodle, 2014
|
| Matèries: | |
| Accés en línia: | https://design.lms.tpu.ru/course/view.php?id=319 |
| Format: | Electrònic Llibre |
| KOHA link: | https://koha.lib.tpu.ru/cgi-bin/koha/opac-detail.pl?biblionumber=665383 |
MARC
| LEADER | 00000nlm0a2200000 4500 | ||
|---|---|---|---|
| 001 | 665383 | ||
| 005 | 20231219100315.0 | ||
| 035 | |a (RuTPU)RU\TPU\network\36582 | ||
| 035 | |a RU\TPU\network\26417 | ||
| 090 | |a 665383 | ||
| 100 | |a 20210921d2014 m y0rusy50 ca | ||
| 101 | 0 | |a rus | |
| 102 | |a RU | ||
| 105 | |a a j 000zy | ||
| 135 | |a jrcn ---uucaa | ||
| 181 | 0 | |a i | |
| 182 | 0 | |a b | |
| 200 | 1 | |a Математика 3.2 |e электронный курс |f Ю. И. Галанов |g Национальный исследовательский Томский политехнический университет, Физико-технический институт, Кафедра высшей математики | |
| 203 | |a Текст |c электронный | ||
| 210 | |a Томск |c TPU Moodle |d 2014 | ||
| 300 | |a Заглавие с экрана | ||
| 330 | |a В курсе «Математика 3.2» раскрываются основные понятия теории вероятностей и элементы математической статистики. Особое внимание уделяется основным положениям и методам современной математической теории вероятностей, приложениям теории - в физике, экологии, экономике и статистике. Знания, полученные в курсе, помогут приобрести навыки в интерпретации теоретико-вероятностных конструкций внутри математики и за ее пределами в приложениях, решении проблемных теоретико-вероятностных задач | ||
| 333 | |a Доступ по логину и паролю | ||
| 606 | 1 | |a Математика |2 stltpush |3 (RuTPU)RU\TPU\subj\67327 |9 83171 | |
| 610 | 1 | |a электронный ресурс | |
| 610 | 1 | |a труды учёных ТПУ | |
| 610 | 1 | |a электронные учебные пособия | |
| 610 | 1 | |a учебные пособия | |
| 610 | 1 | |a Moodle | |
| 610 | 1 | |a e-learning | |
| 610 | 1 | |a теория вероятностей | |
| 610 | 1 | |a математическая статистика | |
| 675 | |a 51(075.8) |v 4 | ||
| 700 | 1 | |a Галанов |b Ю. И. |c математик |c доцент Томского политехнического университета, кандидат физико-математических наук |f 1947- |g Юрий Иванович |3 (RuTPU)RU\TPU\pers\28897 |9 13630 | |
| 712 | 0 | 2 | |a Национальный исследовательский Томский политехнический университет |b Физико-технический институт |b Кафедра высшей математики |3 (RuTPU)RU\TPU\col\18728 |
| 801 | 2 | |a RU |b 63413507 |c 20210921 |g RCR | |
| 856 | 4 | |u https://design.lms.tpu.ru/course/view.php?id=319 | |
| 942 | |c CF | ||